Những vấn đề cơ bản về xây dựng Đảng và công tác quần chúng : Giáo trình dùng cho các lớp đào tạo cán bộ lãnh đạo cơ sở của Đảng và Nhà nước

Nội dung sách giới thiệu chín bài giảng dùng cho các lớp đào tạo cán bộ lãnh đạo cơ sở của Đảng và Nhà nước về Học thuyết Mác-Lênin và chính đảng giai cấp công nhân. Nâng cao năng lực lãnh đạo và sức chiến đấu của Đảng. Tập trung dân chu...

ver descrição completa

Na minha lista:
Detalhes bibliográficos
Autor Corporativo: Học viện Nguyễn Ái Quốc
Formato: Livro
Idioma:Undetermined
Publicado em: Hà Nội Học viện Nguyễn Ái Quốc 1992
Assuntos:
Tags: Adicionar Tag
Sem tags, seja o primeiro a adicionar uma tag!
Thư viện lưu trữ: Trung tâm Học liệu Trường Đại học Cần Thơ
LEADER 01289nam a2200217Ia 4500
001 CTU_227962
008 210402s9999 xx 000 0 und d
082 |a 324.2597075 
082 |b H419/P.9 
110 |a Học viện Nguyễn Ái Quốc 
245 0 |a Những vấn đề cơ bản về xây dựng Đảng và công tác quần chúng : 
245 0 |b Giáo trình dùng cho các lớp đào tạo cán bộ lãnh đạo cơ sở của Đảng và Nhà nước 
245 0 |c Học viện Nguyễn Ái Quốc 
260 |a Hà Nội 
260 |b Học viện Nguyễn Ái Quốc 
260 |c 1992 
520 |a Nội dung sách giới thiệu chín bài giảng dùng cho các lớp đào tạo cán bộ lãnh đạo cơ sở của Đảng và Nhà nước về Học thuyết Mác-Lênin và chính đảng giai cấp công nhân. Nâng cao năng lực lãnh đạo và sức chiến đấu của Đảng. Tập trung dân chủ - nguyên tắc tổ chức cơ bản của Đảng... 
650 |a Đảng Cộng Sản,Communist parties 
650 |z Việt Nam,Vietnam 
910 |b dqhieu 
980 |a Trung tâm Học liệu Trường Đại học Cần Thơ